000 00656nam a2200241Ia 4500
003 OSt
005 20220918202132.0
006 a|||||r|||| 00| 0
007 ta
008 220917b |||||||| |||| 00| 0 eng d
024 _a99,026
037 _cTextual
040 _aARTS
_cARTS
_beng
041 _2eng
_aeng
082 _aV2:19.N7, L8
100 _aZiring L
_9102406
245 0 _aSubcontinent in world politics
_b India its neighbours, and the great powers
260 _aN York
_bPraeger
_c1978
300 _axiii, 238p.
_ccm.
650 _aHISTORY
942 _hV2:19.N7, L8
_cTEXL
_2CC
999 _c222604
_d222604